| 000 | 01044nam a2200313 a 4500 | ||
|---|---|---|---|
| 001 | 27136 | ||
| 003 | bd-rjul | ||
| 005 | 20211209051122.0 | ||
| 008 | 140324m1935 enkab 001 0 eng d | ||
| 035 | _a(bd-rjul)27207 | ||
| 040 |
_aEYZ _cEYZ _dEQO _beng |
||
| 041 | _aeng | ||
| 082 |
_a940 _bEUR 1935 |
||
| 090 |
_aCB201 _b.E89 |
||
| 245 | 0 | 0 |
_aEuropean civilization : _bits origin and development / _cby various contributors under the direction of Edward Eyre. _nV-1 |
| 250 | _aReissue | ||
| 260 |
_aLondon : _bOxford University Press, _c1935 |
||
| 300 |
_a844 p: _bill. ; _c23 cm. |
||
| 500 | _aEach vol.includes bibliographical notes and index. | ||
| 500 | _aVol. 1. Prehistoric man and earliest known societies. | ||
| 504 | _aincludes index | ||
| 650 | 0 |
_aCivilization _xHistory. _983313 |
|
| 650 | 0 |
_aReligions _xHistory _95390 |
|
| 651 | 0 |
_aEurope _xCivilization _xHistory _983314 |
|
| 651 | 0 |
_aEurope _xHistory _983315 |
|
| 700 | 1 |
_aEyre, Edward. _976499 |
|
| 740 | 0 | _aPrehistoric man and earliest known societies | |
| 942 |
_2ddc _cBK |
||
| 999 |
_c27136 _d27136 |
||